MARC

LEADER 00000nam0a2200000 4500
001 128610
005 20231031132859.0
010 |a 0333923855 
035 |a (RuTPU)RU\TPU\book\139142 
090 |a 128610 
100 |a 20080109d2002 m y0engy50 ba 
101 0 |a eng 
102 |a GB 
105 |a a j 000zy 
200 1 |a Inside Out Pre-Intermediate  |e Student's Book  |f S. Kay, V. Jones, P. Kerr 
210 |a Oxford  |c Macmillan  |d 2002 
215 |a 144 p.  |c il.  |e 2 кассеты 
225 1 |a Inside Out 
610 1 |a английский язык 
610 1 |a лексика 
610 1 |a грамматика 
610 1 |a разговорная речь 
610 1 |a упражнения 
610 1 |a учебные пособия 
610 1 |a кассеты 
686 |a Ш143.21-923  |v LBC/SL-A  |2 rubbk 
700 1 |a Kay  |b S.  |g Sue 
701 1 |a Jones  |b V.  |g Vaughan 
701 1 |a Kerr  |b P.  |g Philip 
801 1 |a RU  |b 63413507  |c 20080109  |g PSBO 
801 2 |a RU  |b 63413507  |c 20230220  |g PSBO 
942 |c BK 
959 |a 96/20071224  |d 11  |e 374,00  |f ЧЗИЛ:1  |f ЯЦ_ЭЛТИ:10